| 000 | 00611nam a22002057a 4500 | ||
|---|---|---|---|
| 003 | BD-DhJNU | ||
| 005 | 20251026060037.0 | ||
| 008 | 251026b |||||||| |||| 00| 0 eng d | ||
| 040 |
_aBD-DhJNU _bENG _cBD-DhJNU _dBD-DhJNU |
||
| 082 |
_223 _a940 BRB |
||
| 100 | _aBridget | ||
| 245 |
_aThe birth of Indian civilization / _cBridget and Raymond Allchin |
||
| 260 |
_aEngland : _bPenguin Books, _c1968. |
||
| 300 |
_a363p. : _bill. ; _c15 cm. |
||
| 504 | _aIncludes bibliographical references and index | ||
| 650 | _aHistory of Europe | ||
| 650 | _aHistory | ||
| 700 | _aAllchin, Raymond | ||
| 942 |
_2ddc _cBK _n0 |
||
| 999 |
_c2307 _d2307 |
||